01337 a2200181 45000010006000000050017000060080041000230030015000640400040000790800031001192450056001500200018002062640041002243000019002655050827002841000022011117000022011335901720260407155845.0260407a1988 arg spa dAR-UNSa-BCEJYS aAR-UNSa-BCEJYSbspacAR-UNSa-BCEJYS a338.642xPequeña Empresa10aGeneración de empleo, la microempresa alternativa a950-9370-11-8 1aBuenos Aires :bEdiciones CEURc1988 a203 p.c20 cm. a1. Un programa de promoción, capacitación, asistencia técnica y financiamiento de microempresas productivas – 2. Bases para un programa de promoción del sector informal urbano – 3. Crédito e intermediación financiera para el sector informal (Ajustando la operación convencional de las entidades crediticias) – 4. Las pequeñas unidades productivas agropecuarias: Dificultades actuales en materia de financiamiento y propuesta de una nueva estrategia financiera – 5. La microempresa: notas para su análisis – 6. Racionalidad, riesgo y viabilidad de la microempresa – 7. La microempresa: un fenómeno en busca de su identidad – 8. Promoción y desarrollo del empleo. Alternativas ante la crisis – 9. La micro y pequeña unidad productiva en el Uruguay. Planes y políticas de promoción1 aRofman, Alejandro1 aMoreno, Guillermo